[Event "2. ODEM U25 2005"]
[Site "Willingen GER"]
[Date "2005.05.19"]
[Round "7"]
[White "Rezai, Yuanne"]
[Black "Mazarov, Jürgen"]
[Result "1/2-1/2"]
[Termination "normal"]
[Board "19"]
[WhiteElo "1779"]
[BlackElo "1958"]
[PlyCount "103"]
[BlackFideId "24617768"]
[EventCountry "GER"]
[EventRounds "9"]
[EventType "swiss"]
[EventDate "2005.05.15"]

1. e4 e5 2. Nf3 Nf6 3. d3 d5 4. exd5 Qxd5 5. Nc3 Bb4 6. Bd2 Bxc3 7. Bxc3 Nc6 8.
Be2 O-O 9. O-O Re8 10. Qd2 Bg4 11. Qg5 Rad8 12. h3 Bh5 13. Bd1 Rd6 14. Nh4 Bxd1
15. Nf5 Nh5 16. Nxd6 Re6 17. Qf5 Rxd6 18. Raxd1 Rg6 19. Qe4 Qe6 20. Kh2 Nf4 21.
Rg1 Rh6 22. Qf3 g5 23. Rde1 g4 24. Qxf4 exf4 25. Rxe6 fxe6 26. Re1 gxh3 27.
gxh3 Rg6 28. Re4 e5 29. Re1 Kf7 30. Rg1 Kf6 31. Rxg6+ hxg6 32. Kg2 Kg5 33. a3
Kh4 34. b4 b5 35. Bb2 Nd4 36. Bxd4 exd4 37. Kf3 Kxh3 38. Kxf4 Kg2 39. f3 Kf2
40. Ke4 Ke2 41. f4 Kd2 42. Kxd4 Kxc2 43. Ke4 Kb3 44. Ke5 Kxa3 45. Kf6 Kxb4 46.
Kxg6 Kc3 47. f5 b4 48. f6 b3 49. f7 b2 50. f8=Q b1=Q 51. Qc5+ Kd2 52. Qf2+
1/2-1/2

[Event "2. ODEM U25 2005"]
[Site "Willingen GER"]
[Date "2005.05.19"]
[Round "7"]
[White "Dorn, Matthias"]
[Black "Rosenblatt, Marcus"]
[Result "1-0"]
[Termination "normal"]
[Board "20"]
[WhiteElo "1728"]
[BlackElo "1852"]
[PlyCount "95"]
[WhiteFideId "24600695"]
[BlackFideId "24627453"]
[EventCountry "GER"]
[EventRounds "9"]
[EventType "swiss"]
[EventDate "2005.05.15"]

1. d4 Nf6 2. Nf3 g6 3. c4 Bg7 4. Nc3 d6 5. e4 O-O 6. Be2 e5 7. O-O Nc6 8. d5
Ne7 9. Nd2 Nd7 10. b4 f5 11. Ba3 Nf6 12. f3 f4 13. c5 g5 14. Rc1 h5 15. cxd6
cxd6 16. Nb5 Ne8 17. Qc2 Bd7 18. Kh1 Ng6 19. Qb3 g4 20. Rc2 a6 21. Nc3 Nh4 22.
b5 Qg5 23. fxg4 hxg4 24. Na4 Bxb5 25. Bxb5 axb5 26. Nb6 Ra6 27. Nd7 Rf7 28. Rc8
Rxd7 29. Rxe8+ Kf7 30. Rc8 Ke7 31. Bc1 Qh5 32. Qxb5 Rxa2 33. Rb8 g3 34. h3 f3
35. Nxf3 Bf6 36. Nxh4 Qxh4 37. Rxb7 Ra7 38. Rxa7 Rxa7 39. Qb8 Rd7 40. Qg8 Qxe4
41. Qe6+ Kd8 42. Qxf6+ Kc7 43. Qf3 Qc4 44. Bg5 e4 45. Qf6 Qxd5 46. Rc1+ Kb8 47.
Qh8+ Kb7 48. Qc8+ 1-0

[Event "2. ODEM U25 2005"]
[Site "Willingen GER"]
[Date "2005.05.19"]
[Round "7"]
[White "Beck, Patrick"]
[Black "Müer, Sebastian"]
[Result "1/2-1/2"]
[Termination "normal"]
[Board "21"]
[WhiteElo "1719"]
[BlackElo "1793"]
[PlyCount "98"]
[WhiteFideId "24660418"]
[EventCountry "GER"]
[EventRounds "9"]
[EventType "swiss"]
[EventDate "2005.05.15"]

1. d4 Nf6 2. c4 c5 3. d5 e6 4. Nc3 exd5 5. cxd5 d6 6. Nf3 g6 7. g3 Bg7 8. Bg2
O-O 9. O-O Na6 10. Re1 Nc7 11. a4 Rb8 12. h3 Nd7 13. Nd2 a6 14. Nc4 Ne8 15. e4
Ne5 16. Nxe5 Bxe5 17. Bh6 Ng7 18. Kh1 Re8 19. f4 Bd4 20. Qd2 f5 21. Bxg7 Kxg7
22. Ne2 Bf6 23. Nc3 Qa5 24. Rac1 Bxc3 25. Qxc3+ Qxc3 26. Rxc3 fxe4 27. Rce3 Bd7
28. b3 b5 29. a5 h5 30. Kh2 Bf5 31. Bxe4 Bxe4 32. Rxe4 Kf7 33. Kg2 c4 34. bxc4
Rxe4 35. Rxe4 b4 36. Re1 b3 37. Rb1 b2 38. Kf2 Kf6 39. g4 hxg4 40. hxg4 g5 41.
fxg5+ Kxg5 42. Ke2 Kxg4 43. Kd2 Kf4 44. Kc2 Ke5 45. Re1+ Kf4 46. Rb1 Ke5 47.
Rxb2 Rxb2+ 48. Kxb2 Kd4 49. Kb3 Kc5 1/2-1/2

[Event "2. ODEM U25 2005"]
[Site "Willingen GER"]
[Date "2005.05.19"]
[Round "7"]
[White "Szczap, Arthur"]
[Black "Willems, Sebastian"]
[Result "0-1"]
[Termination "normal"]
[Board "22"]
[WhiteElo "1660"]
[BlackElo "1786"]
[PlyCount "88"]
[WhiteFideId "24637394"]
[EventCountry "GER"]
[EventRounds "9"]
[EventType "swiss"]
[EventDate "2005.05.15"]

1. e4 d5 2. exd5 Nf6 3. Bb5+ Bd7 4. Bc4 b5 5. Bb3 a5 6. a3 c6 7. dxc6 Nxc6 8.
Nf3 e6 9. d3 h6 10. Bf4 Qb6 11. Nc3 a4 12. Ba2 Bc5 13. O-O O-O 14. Qe2 Rac8 15.
Be3 Rfd8 16. Rfd1 Bxe3 17. Qxe3 Qb7 18. d4 Ne7 19. Ne5 Be8 20. Rac1 b4 21. Ne2
Nfd5 22. Qf3 Qb6 23. c4 bxc3 24. bxc3 Qb2 25. Bxd5 Nxd5 26. c4 Nf6 27. Rb1 Qc2
28. Qd3 Qxd3 29. Rxd3 Ne4 30. f3 Nd6 31. c5 Nf5 32. Rdd1 Ne3 33. Rdc1 Nf5 34.
Rb4 f6 35. Nd3 e5 36. Nc3 Nxd4 37. Rd1 Nc2 38. Rb2 Ne3 39. Re1 Rxd3 40. Rxe3
Rxe3 41. Nd5 Rb3 42. Ne7+ Kf8 43. Nxc8 Rxb2 44. Kh1 Rb1# 0-1

[Event "2. ODEM U25 2005"]
[Site "Willingen GER"]
[Date "2005.05.19"]
[Round "7"]
[White "Neldner, Uta"]
[Black "Katte, Nicolas"]
[Result "0-1"]
[Termination "normal"]
[Board "23"]
[WhiteElo "1830"]
[BlackElo "1946"]
[PlyCount "88"]
[WhiteFideId "24604070"]
[BlackFideId "24614149"]
[EventCountry "GER"]
[EventRounds "9"]
[EventType "swiss"]
[EventDate "2005.05.15"]

1. e4 e5 2. Bc4 Nf6 3. d3 d5 4. exd5 Nxd5 5. Nf3 Bg4 6. O-O c6 7. h3 Bxf3 8.
Qxf3 b5 9. Bxd5 cxd5 10. Nc3 a6 11. Qxd5 Qxd5 12. Nxd5 Bd6 13. Be3 Nd7 14. Rfe1
O-O 15. Nb6 Nxb6 16. Bxb6 Rac8 17. Re2 Rc6 18. Be3 Rfc8 19. c3 b4 20. Bd2 f6
21. Rd1 Bc5 22. Kf1 bxc3 23. Bxc3 Bd4 24. Bxd4 exd4 25. Ke1 Kf7 26. Re4 Rd6 27.
Kd2 Rb8 28. b3 f5 29. Rf4 Kf6 30. g4 Rb5 31. Rc1 g5 32. Rf3 f4 33. h4 a5 34.
Rh1 gxh4 35. Rxf4+ Kg5 36. Rf5+ Rxf5 37. gxf5 Rf6 38. Rg1+ Kxf5 39. Rg7 Rh6 40.
Rg1 h3 41. Ke2 h2 42. Rh1 Kg4 43. a4 Kh3 44. Kf3 Rf6+ 0-1

[Event "2. ODEM U25 2005"]
[Site "Willingen GER"]
[Date "2005.05.19"]
[Round "7"]
[White "Frey, Claudia"]
[Black "Gahn, Cornelia"]
[Result "1-0"]
[Termination "normal"]
[Board "24"]
[WhiteElo "1911"]
[BlackElo "1342"]
[PlyCount "49"]
[WhiteFideId "24614513"]
[EventCountry "GER"]
[EventRounds "9"]
[EventType "swiss"]
[EventDate "2005.05.15"]

1. e4 d5 2. exd5 Qxd5 3. Nc3 Qa5 4. Bc4 c6 5. d3 Bf5 6. Qe2 Nf6 7. h3 h6 8. Bd2
e6 9. Nf3 Be7 10. O-O-O O-O 11. Nd4 Nbd7 12. Nd5 Qd8 13. Nxe7+ Qxe7 14. Nxf5
Qc5 15. Ng3 b5 16. Bb3 a5 17. a3 a4 18. Ba2 Qb6 19. Ne4 Nxe4 20. Qxe4 Rfc8 21.
Qg4 Nf6 22. Qh4 c5 23. Bxh6 gxh6 24. Qxf6 b4 25. Kd2 1-0

[Event "2. ODEM U25 2005"]
[Site "Willingen GER"]
[Date "2005.05.19"]
[Round "7"]
[White "Dalakian, Haroutioun"]
[Black "Koksch, Florian"]
[Result "1-0"]
[Termination "normal"]
[Board "25"]
[WhiteElo "1746"]
[BlackElo "1899"]
[PlyCount "81"]
[WhiteFideId "24632058"]
[BlackFideId "24613584"]
[EventCountry "GER"]
[EventRounds "9"]
[EventType "swiss"]
[EventDate "2005.05.15"]

1. d4 d5 2. c4 e6 3. Nc3 Nf6 4. Bg5 Be7 5. e3 Nbd7 6. cxd5 exd5 7. Qc2 c6 8.
Bd3 O-O 9. Nf3 h6 10. Bh4 Qc7 11. O-O Re8 12. Bf5 Nh5 13. Bxe7 Rxe7 14. Nxd5
Qd6 15. Nxe7+ Qxe7 16. Bxd7 Bxd7 17. Qc5 Qxc5 18. dxc5 Re8 19. Rad1 Bg4 20. h3
Bf5 21. Rd4 Re7 22. g4 Be4 23. Nd2 Nf6 24. Nxe4 Nxe4 25. b4 Nc3 26. Rd2 Ne4 27.
Rd8+ Kh7 28. Rfd1 Nf6 29. R8d4 Nd5 30. R1d3 g5 31. Rxd5 cxd5 32. Rxd5 Kg6 33.
Kf1 Re4 34. Rd4 Rxd4 35. exd4 f5 36. f3 Kf6 37. Ke2 f4 38. d5 b6 39. c6 Ke7 40.
c7 Kd7 41. d6 1-0

[Event "2. ODEM U25 2005"]
[Site "Willingen GER"]
[Date "2005.05.19"]
[Round "7"]
[White "Simon, Eric"]
[Black "Hinz, Arne"]
[Result "1-0"]
[Termination "normal"]
[Board "26"]
[WhiteElo "1896"]
[BlackElo "1679"]
[PlyCount "117"]
[BlackFideId "24634875"]
[EventCountry "GER"]
[EventRounds "9"]
[EventType "swiss"]
[EventDate "2005.05.15"]

1. d4 Nf6 2. c4 g6 3. Nc3 Bg7 4. e4 d6 5. h3 Nbd7 6. Bd3 O-O 7. Be3 e5 8. d5 b6
9. b4 Ne8 10. g4 Ndf6 11. Nge2 Kh8 12. Ng3 Ng8 13. Qd2 Ne7 14. Qc2 Bd7 15. f3
Qc8 16. h4 h6 17. h5 g5 18. b5 Kh7 19. Kd2 Nf6 20. a4 Qb7 21. Ra3 Be8 22. Rha1
Nd7 23. a5 Nc8 24. Qa2 f6 25. axb6 cxb6 26. Bf2 Rf7 27. Nf5 Bf8 28. Ne3 Nc5 29.
Nc2 Rc7 30. Nb4 Kg7 31. Nc6 Rd7 32. Bxc5 dxc5 33. Nd1 Bd6 34. Ne3 Kh7 35. Nf5
Bf8 36. Ke3 Bf7 37. Ra6 Bg8 38. Kf2 Bf7 39. Qa3 Bg8 40. Bc2 Bf7 41. Kg2 Bg8 42.
Qd3 Bd6 43. Ng3 Bf7 44. Ne2 Kg7 45. Rh1 Bf8 46. f4 gxf4 47. Nxf4 Bd6 48. Ne2
Ne7 49. Rf1 Ng8 50. Ng3 Be8 51. Qf3 Qc7 52. Nf5+ Kh7 53. Rfa1 Bf8 54. Rxa7 Rxa7
55. Rxa7 Qc8 56. Qa3 Rc7 57. Qa6 Qd7 58. Qxb6 Rxa7 59. Qxa7 1-0

[Event "2. ODEM U25 2005"]
[Site "Willingen GER"]
[Date "2005.05.19"]
[Round "7"]
[White "Durmisi, Valon"]
[Black "Völz, Michael"]
[Result "1/2-1/2"]
[Termination "normal"]
[Board "27"]
[WhiteElo "1373"]
[BlackElo "1460"]
[PlyCount "39"]
[BlackFideId "24640107"]
[EventCountry "GER"]
[EventRounds "9"]
[EventType "swiss"]
[EventDate "2005.05.15"]

1. e4 e5 2. Nf3 Nc6 3. Bc4 Bc5 4. d3 Nf6 5. Bg5 h6 6. Bh4 d6 7. Nc3 Be6 8. Bb3
Nd4 9. Nxd4 Bxd4 10. Bxe6 fxe6 11. Ne2 Bb6 12. f3 O-O 13. c3 g5 14. Bg3 Nh5 15.
Qb3 Qf6 16. O-O-O Nf4 17. Bxf4 exf4 18. d4 Kh8 19. g3 fxg3 20. hxg3 1/2-1/2

[Event "2. ODEM U25 2005"]
[Site "Willingen GER"]
[Date "2005.05.19"]
[Round "7"]
[White "Reps, Dirk"]
[Black "Linsenmeyer, Mario"]
[Result "0-1"]
[Termination "normal"]
[Board "28"]
[WhiteElo "1665"]
[BlackElo "1850"]
[PlyCount "110"]
[BlackFideId "24635138"]
[EventCountry "GER"]
[EventRounds "9"]
[EventType "swiss"]
[EventDate "2005.05.15"]

1. e4 c5 2. Nc3 e6 3. g3 Nc6 4. Bg2 d6 5. d3 g6 6. Be3 Bg7 7. Qd2 Rb8 8. Nge2
b5 9. f4 Nge7 10. O-O O-O 11. g4 f5 12. h3 Bd7 13. Ng3 b4 14. Nd1 Qa5 15. exf5
exf5 16. gxf5 Nxf5 17. Nxf5 gxf5 18. Kh2 Qd8 19. Rg1 Kh8 20. Bd5 Qf6 21. c3 Ne7
22. Bb3 Bc6 23. d4 bxc3 24. bxc3 Rfd8 25. Qf2 Ng6 26. dxc5 dxc5 27. Bxc5 a6 28.
Bd4 Qe7 29. Bxg7+ Qxg7 30. Rc1 Qc7 31. Rf1 Nxf4 32. Qg3 Rd2+ 33. Rf2 Rxf2+ 34.
Nxf2 Nd5 35. Qxc7 Nxc7 36. Nd3 Re8 37. Re1 Rxe1 38. Nxe1 Nb5 39. Kg3 Nxc3 40.
Kf4 Bd7 41. Bc4 a5 42. Nf3 Kg7 43. Ne5 Bc8 44. Nc6 a4 45. Ne7 Bd7 46. Nxf5+ Kf6
47. Ne3 Bxh3 48. Ng4+ Bxg4 49. Kxg4 Ke5 50. Bd3 Nxa2 51. Bxh7 Kd4 52. Kf3 a3
53. Ke2 Kc3 54. Bg8 Nc1+ 55. Kd1 Nb3 0-1

[Event "2. ODEM U25 2005"]
[Site "Willingen GER"]
[Date "2005.05.19"]
[Round "7"]
[White "Reh, Rebecca"]
[Black "Reiske, Anne"]
[Result "0-1"]
[Termination "normal"]
[Board "29"]
[WhiteElo "1650"]
[BlackElo "1719"]
[PlyCount "80"]
[BlackFideId "24635472"]
[EventCountry "GER"]
[EventRounds "9"]
[EventType "swiss"]
[EventDate "2005.05.15"]

1. e4 e5 2. Nf3 Nf6 3. d4 Nxe4 4. Bd3 d5 5. Nxe5 Bd6 6. O-O O-O 7. Nd2 Nxd2 8.
Bxd2 Qf6 9. Qh5 g6 10. Qe2 Be6 11. c3 Re8 12. f4 Bd7 13. Nxd7 Nxd7 14. Qg4 Qd8
15. f5 Nf6 16. Qh3 Ne4 17. fxg6 hxg6 18. Bxe4 Rxe4 19. Qf3 Qe7 20. Rae1 Re8 21.
h3 Qd7 22. Re3 R8e6 23. Rfe1 Qe7 24. Kh1 c6 25. b3 Qh4 26. c4 Rxe3 27. Rxe3
Qxd4 28. Rxe6 fxe6 29. Bc3 Qf4 30. Qxf4 Bxf4 31. Kg1 Be3+ 32. Kf1 d4 33. Be1
Kf7 34. Ke2 Kf6 35. g4 Ke5 36. Bg3+ Ke4 37. Be1 e5 38. a4 d3+ 39. Kd1 Kf3 40.
b4 e4 0-1

[Event "2. ODEM U25 2005"]
[Site "Willingen GER"]
[Date "2005.05.19"]
[Round "7"]
[White "Albers, Damian"]
[Black "Hoffmann, Lena"]
[Result "1/2-1/2"]
[Termination "normal"]
[Board "30"]
[WhiteElo "1997"]
[BlackElo "1558"]
[PlyCount "93"]
[WhiteFideId "4695186"]
[BlackFideId "24626597"]
[EventCountry "GER"]
[EventRounds "9"]
[EventType "swiss"]
[EventDate "2005.05.15"]

1. e4 c5 2. Nf3 d6 3. d4 cxd4 4. Nxd4 Nf6 5. Nc3 a6 6. Bg5 e6 7. f4 Be7 8. Qf3
Qc7 9. O-O-O Nbd7 10. g4 b5 11. Bxf6 Bxf6 12. Bxb5 O-O 13. Bxd7 Bxd7 14. g5 Be7
15. Rhg1 Rab8 16. Rd3 Qb6 17. Nd1 Rfc8 18. Rg3 Rc4 19. Rb3 Qc7 20. Rxb8+ Qxb8
21. Qd3 Qc8 22. Nc3 Rc5 23. Nb3 Rc7 24. h4 Be8 25. Rg1 Rc6 26. Rd1 Qc7 27. Kb1
Bf8 28. h5 Qe7 29. Ne2 e5 30. fxe5 dxe5 31. Qd8 Qe6 32. Nc3 Rc8 33. Qa5 Be7 34.
Rg1 Bd8 35. Qd5 Qe7 36. Qd3 Qa7 37. Qg3 Qc7 38. Qg2 Qc4 39. Qe2 Qe6 40. Nd5 Bb5
41. Qg2 a5 42. Nc3 Ba6 43. a3 Bb6 44. Rd1 Bc4 45. Nc1 Bd4 46. N1e2 Bc5 47. Qf3
1/2-1/2

[Event "2. ODEM U25 2005"]
[Site "Willingen GER"]
[Date "2005.05.19"]
[Round "7"]
[White "Winter, Jonathan"]
[Black "Winter, Christopher"]
[Result "1/2-1/2"]
[Termination "normal"]
[Board "31"]
[WhiteElo "1746"]
[BlackElo "1553"]
[PlyCount "59"]
[EventCountry "GER"]
[EventRounds "9"]
[EventType "swiss"]
[EventDate "2005.05.15"]

1. e4 d5 2. exd5 Qxd5 3. Nc3 Qd8 4. Bc4 Nc6 5. Nf3 Nf6 6. h3 Bf5 7. d3 Na5 8.
Bb3 e6 9. O-O a6 10. Qe2 Nxb3 11. axb3 Bd6 12. Nd1 O-O 13. Bg5 Be7 14. Re1 Nd5
15. Bxe7 Qxe7 16. Ne3 Nxe3 17. Qxe3 Qf6 18. Qe5 Qxe5 19. Rxe5 f6 20. Rc5 Rac8
21. Nd4 g6 22. g4 e5 23. Nxf5 gxf5 24. gxf5 Kf7 25. Kh2 Rg8 26. Rg1 c6 27. Rc4
h5 28. Rg3 Rg5 29. Rxg5 fxg5 30. h4 1/2-1/2

[Event "2. ODEM U25 2005"]
[Site "Willingen GER"]
[Date "2005.05.19"]
[Round "7"]
[White "Kling, Felix"]
[Black "Vintan, Cristina-Mihaela"]
[Result "1/2-1/2"]
[Termination "normal"]
[Board "32"]
[WhiteElo "1513"]
[BlackElo "1711"]
[PlyCount "60"]
[EventCountry "GER"]
[EventRounds "9"]
[EventType "swiss"]
[EventDate "2005.05.15"]

1. d4 g6 2. e4 d6 3. Nc3 Bg7 4. Be3 Nf6 5. h3 c6 6. f4 Qa5 7. Bd3 e5 8. Qf3
Nbd7 9. Nge2 b5 10. O-O O-O 11. dxe5 dxe5 12. f5 b4 13. Nb1 Nc5 14. fxg6 fxg6
15. Bc4+ Kh8 16. Nd2 Bd7 17. Nb3 Nxb3 18. axb3 Qc7 19. Bc5 Rfc8 20. Qe3 a5 21.
Ra2 Rcb8 22. Rd1 Bf8 23. Bxf8 Rxf8 24. Ng3 Qa7 25. Qxa7 Rxa7 26. Raa1 Kg7 27.
Rd2 Be8 28. Rd6 c5 29. Rf1 a4 30. bxa4 Rxa4 1/2-1/2

[Event "2. ODEM U25 2005"]
[Site "Willingen GER"]
[Date "2005.05.19"]
[Round "7"]
[White "Tschlatscher, Thomas"]
[Black "Hirning, Oliver"]
[Result "1-0"]
[Termination "normal"]
[Board "33"]
[WhiteElo "1652"]
[BlackElo "1511"]
[PlyCount "111"]
[WhiteFideId "24635863"]
[EventCountry "GER"]
[EventRounds "9"]
[EventType "swiss"]
[EventDate "2005.05.15"]

1. c4 c5 2. Nc3 Nf6 3. g3 Nc6 4. Bg2 g6 5. Nf3 Bg7 6. e3 d6 7. O-O O-O 8. a3
Bd7 9. d4 b6 10. Nd2 Rc8 11. Nb3 Bg4 12. f3 Bd7 13. Qe2 Nh5 14. Rd1 Re8 15. g4
Nf6 16. h3 h5 17. d5 Nb8 18. e4 a6 19. a4 Qc7 20. Bf4 Qb7 21. Bg3 a5 22. e5
dxe5 23. Bxe5 hxg4 24. fxg4 Qa7 25. Nb5 Bxb5 26. axb5 Nbd7 27. Bg3 e6 28. d6 e5
29. Nd2 Qb8 30. Bc6 Rcd8 31. Ne4 Re6 32. Nxf6+ Bxf6 33. Qd3 Nf8 34. d7 Qc7 35.
Qc2 Nxd7 36. Bd5 Rde8 37. Bxe6 Rxe6 38. Rd5 Qb7 39. Qe4 Bg7 40. Re1 Kh7 41. g5
f6 42. Qh4+ Kg8 43. Red1 Nf8 44. gxf6 Bxf6 45. Qg4 Qe7 46. Rd8 Kf7 47. R8d5 e4
48. Rf1 Kg7 49. Rdf5 e3 50. Bh4 Nd7 51. Bxf6+ Nxf6 52. Qg2 Rd6 53. Re1 Rd2 54.
Qxd2 exd2 55. Rxe7+ Kh6 56. Rf1 1-0

[Event "2. ODEM U25 2005"]
[Site "Willingen GER"]
[Date "2005.05.19"]
[Round "7"]
[White "Lobe, Sandra"]
[Black "Kyas, Marcel"]
[Result "1-0"]
[Termination "normal"]
[Board "34"]
[WhiteElo "1626"]
[BlackElo "1518"]
[PlyCount "69"]
[BlackFideId "24642037"]
[EventCountry "GER"]
[EventRounds "9"]
[EventType "swiss"]
[EventDate "2005.05.15"]

1. e4 c5 2. Nc3 Nc6 3. f4 d6 4. Bb5 Bd7 5. Nf3 g6 6. O-O Bg7 7. d3 Nf6 8. Qe1
O-O 9. Bxc6 Bxc6 10. Qh4 d5 11. e5 Ne8 12. f5 f6 13. fxg6 hxg6 14. Bh6 Nc7 15.
Bxg7 Kxg7 16. Qg3 d4 17. Ne4 Bxe4 18. dxe4 Kh7 19. exf6 exf6 20. e5 f5 21. Ng5+
Kg7 22. Rae1 Rc8 23. e6 Qe7 24. Nh3 Rh8 25. Rxf5 Rcf8 26. Rxf8 Rxf8 27. Nf4 g5
28. Nh3 Rf5 29. Re5 Rxe5 30. Qxe5+ Kh6 31. Qh8+ Kg6 32. Qe5 Qxe6 33. Qxg5+ Kh7
34. Qg3 Nd5 35. Ng5+ 1-0

[Event "2. ODEM U25 2005"]
[Site "Willingen GER"]
[Date "2005.05.19"]
[Round "7"]
[White "Jorczik, Andreas"]
[Black "Klebanov, Andrej"]
[Result "0-1"]
[Termination "normal"]
[Board "35"]
[WhiteElo "1329"]
[BlackElo "1587"]
[PlyCount "98"]
[WhiteFideId "24634921"]
[BlackFideId "24669989"]
[EventCountry "GER"]
[EventRounds "9"]
[EventType "swiss"]
[EventDate "2005.05.15"]

1. d4 e6 2. c4 d5 3. Nc3 Nf6 4. Bg5 Be7 5. Nf3 h6 6. Bh4 O-O 7. e3 Nc6 8. Bd3
dxc4 9. Bxc4 b6 10. O-O Bb7 11. Re1 Na5 12. Bd3 Nd5 13. Bxe7 Qxe7 14. Nxd5 Bxd5
15. e4 Bc4 16. Bxc4 Nxc4 17. Qb3 Na5 18. Qc3 Rfd8 19. b4 Nb7 20. Rac1 Rac8 21.
Qc6 Nd6 22. Ne5 f6 23. Nc4 Nxc4 24. Rxc4 Qd7 25. Rd1 Qxc6 26. Rxc6 Rd6 27. d5
exd5 28. exd5 Rd7 29. d6 Rcd8 30. Kf1 cxd6 31. a4 d5 32. Rd4 Rd6 33. Rc7 R8d7
34. Rc2 Kf7 35. b5 Ke7 36. a5 bxa5 37. Ra2 Re6 38. f3 Rb6 39. Rxa5 Kd6 40. Ra6
Rxa6 41. bxa6 Kc5 42. Ra4 Kb5 43. Ra2 Re7 44. Rd2 Kxa6 45. Rxd5 Kb6 46. Kf2 a5
47. Rd3 a4 48. Kg3 Kc5 49. Kf2 Kc4 0-1

[Event "2. ODEM U25 2005"]
[Site "Willingen GER"]
[Date "2005.05.19"]
[Round "7"]
[White "Reinke, Martin"]
[Black "Lange, Vanessa"]
[Result "1/2-1/2"]
[Termination "normal"]
[Board "36"]
[WhiteElo "1574"]
[BlackElo "1295"]
[PlyCount "42"]
[WhiteFideId "4620518"]
[EventCountry "GER"]
[EventRounds "9"]
[EventType "swiss"]
[EventDate "2005.05.15"]

1. d4 f5 2. c4 Nf6 3. Nf3 e6 4. e3 d5 5. Nbd2 Be7 6. Bd3 O-O 7. Ne5 Nbd7 8.
Ndf3 Ne4 9. O-O Ndf6 10. Qb3 c6 11. h3 Qe8 12. cxd5 exd5 13. Be2 h6 14. Nh4 Qd8
15. Nhg6 Re8 16. Qd1 Bd6 17. b3 Nc3 18. Qc2 Nxe2+ 19. Qxe2 Re6 20. Bb2 Bxe5 21.
Nxe5 Qe8 1/2-1/2

[Event "2. ODEM U25 2005"]
[Site "Willingen GER"]
[Date "2005.05.19"]
[Round "7"]
[White "Kamrla, Robin"]
[Black "Tsoumanis, Konstantinos"]
[Result "1-0"]
[Termination "normal"]
[Board "37"]
[WhiteElo "1465"]
[BlackElo "1204"]
[PlyCount "65"]
[EventCountry "GER"]
[EventRounds "9"]
[EventType "swiss"]
[EventDate "2005.05.15"]

1. e4 e5 2. Nf3 Nc6 3. Bc4 Nf6 4. d4 exd4 5. e5 d5 6. Bb5 Ne4 7. Nxd4 Bd7 8.
Bxc6 Bxc6 9. Nxc6 bxc6 10. Be3 Be7 11. O-O O-O 12. f3 Ng5 13. f4 Ne4 14. Nd2
Nxd2 15. Qxd2 c5 16. c3 f5 17. Qf2 Rb8 18. Bxc5 Bxc5 19. Qxc5 Rxb2 20. Rfd1 Qh4
21. Qxd5+ Kh8 22. Rd2 Rxd2 23. Qxd2 Rd8 24. Qe3 Qg4 25. e6 Re8 26. e7 Qh4 27.
Rd1 h6 28. Rd7 c6 29. Rxa7 Kg8 30. Qe6+ Kh7 31. Qxf5+ Kh8 32. Qf8+ Kh7 33. g3
1-0

[Event "2. ODEM U25 2005"]
[Site "Willingen GER"]
[Date "2005.05.19"]
[Round "7"]
[White "Schäfer, Simon"]
[Black "Frey, Steffen"]
[Result "1/2-1/2"]
[Termination "normal"]
[Board "38"]
[WhiteElo "1395"]
[BlackElo "1248"]
[PlyCount "96"]
[EventCountry "GER"]
[EventRounds "9"]
[EventType "swiss"]
[EventDate "2005.05.15"]

1. d4 d5 2. c4 e6 3. Nc3 Nf6 4. Nf3 c6 5. cxd5 cxd5 6. Bg5 Nbd7 7. e3 Be7 8.
Bd3 O-O 9. O-O a6 10. Rc1 b5 11. Qe2 Bb7 12. Rc2 Rc8 13. Rfc1 Qb6 14. a3 Rfe8
15. b4 Rc6 16. Qe1 Qc7 17. Ne2 Rc8 18. Rxc6 Bxc6 19. Rc3 Qd8 20. Qc1 Bb7 21.
Bf4 Rxc3 22. Qxc3 Qc8 23. Qxc8+ Bxc8 24. Bc7 Ne8 25. Bf4 f6 26. Nc1 Bd8 27. Nb3
g6 28. Kf1 Kf7 29. Ke1 Ng7 30. Bd6 Nf5 31. Bxf5 gxf5 32. Ke2 Be7 33. Bxe7 Kxe7
34. Ne1 Kd8 35. Nd3 Ke8 36. Ndc5 Nxc5 37. Nxc5 Kf7 38. f3 Kg6 39. Kf2 h6 40.
Ke2 h5 41. h4 Kh6 42. f4 Kg6 43. Kd3 Kf7 44. Kc3 Ke7 45. Kb3 Kd6 46. a4 Kc6 47.
Ka3 Kb6 48. axb5 axb5 1/2-1/2

[Event "2. ODEM U25 2005"]
[Site "Willingen GER"]
[Date "2005.05.19"]
[Round "7"]
[White "Huynh, Nhi Lang"]
[Black "Volz, Daniel"]
[Result "0-1"]
[Termination "normal"]
[Board "39"]
[WhiteElo "1241"]
[BlackElo "1391"]
[PlyCount "118"]
[WhiteFideId "24669180"]
[BlackFideId "4661125"]
[EventCountry "GER"]
[EventRounds "9"]
[EventType "swiss"]
[EventDate "2005.05.15"]

1. e4 e5 2. Nf3 Nc6 3. Nc3 Nf6 4. Bc4 Nxe4 5. Nxe4 d5 6. Bb5 dxe4 7. Bxc6+ bxc6
8. Nxe5 Bc5 9. O-O Qd5 10. Ng4 O-O 11. Ne3 Qe6 12. Qe2 Qg6 13. g3 Bxe3 14. Qxe3
Bg4 15. d3 exd3 16. cxd3 Rfe8 17. Qf4 Be2 18. Re1 Qd6 19. Qxd6 cxd6 20. Be3 Bf3
21. d4 d5 22. b3 a6 23. Rec1 Rec8 24. Rc3 Bg4 25. Rac1 Bd7 26. Kg2 a5 27. a4
Rcb8 28. Rb1 Rb4 29. Rd3 Bf5 30. Rdd1 Bxb1 31. Rxb1 Rab8 32. Bd2 Rxa4 33. bxa4
Rxb1 34. Bxa5 Ra1 35. Bb6 Rxa4 36. Bc5 f5 37. Kf3 Kf7 38. Ke3 Ke6 39. f4 Kd7
40. h3 h5 41. h4 Kc8 42. Kf2 Kb7 43. Ke3 Ka6 44. Kd3 Rc4 45. Ke3 Kb5 46. Kd3
Rc1 47. Kd2 Rxc5 48. dxc5 Kxc5 49. Kd3 Kb4 50. Kd4 c5+ 51. Kxd5 c4 52. Ke5 c3
53. Kxf5 c2 54. Kg5 c1=Q 55. Kxh5 Qc6 56. f5 Qf3+ 57. g4 Qc6 58. g5 Kc5 59. f6
gxf6 0-1

[Event "2. ODEM U25 2005"]
[Site "Willingen GER"]
[Date "2005.05.19"]
[Round "7"]
[White "Frey, Nicole"]
[Black "Teltewskoi, Alexander"]
[Result "1-0"]
[Termination "normal"]
[Board "40"]
[WhiteElo "1694"]
[BlackElo "1312"]
[PlyCount "23"]
[WhiteFideId "4690176"]
[EventCountry "GER"]
[EventRounds "9"]
[EventType "swiss"]
[EventDate "2005.05.15"]

1. e4 c5 2. Nc3 Nc6 3. g3 g6 4. Bg2 Bg7 5. d3 e6 6. Be3 d6 7. Qd2 Rb8 8. Nf3
Nge7 9. Bh6 O-O 10. h4 Bxh6 11. Qxh6 Kh8 12. Ng5 1-0

[Event "2. ODEM U25 2005"]
[Site "Willingen GER"]
[Date "2005.05.19"]
[Round "7"]
[White "Fabritius, Norbert"]
[Black "Strohmann, Marc"]
[Result "1-0"]
[Termination "normal"]
[Board "41"]
[WhiteElo "1321"]
[BlackElo "1267"]
[PlyCount "59"]
[WhiteFideId "24662178"]
[EventCountry "GER"]
[EventRounds "9"]
[EventType "swiss"]
[EventDate "2005.05.15"]

1. Nf3 Nf6 2. g3 g6 3. Bg2 Bg7 4. O-O d5 5. c4 c6 6. cxd5 cxd5 7. d4 Nc6 8. Bf4
Qb6 9. b3 Bf5 10. e3 h6 11. Be5 Bg4 12. Bxf6 Bxf6 13. Qd2 e6 14. Nc3 h5 15. Na4
Qd8 16. Rac1 h4 17. Nc5 Rb8 18. Nxb7 Rxb7 19. Rxc6 Kd7 20. Rfc1 Qf8 21. Qa5 Qd8
22. Qa4 Ke7 23. Qa3+ Ke8 24. Rc8 Be7 25. Rxd8+ Kxd8 26. Qa5+ Rb6 27. Qxa7 Rb4
28. Qa8+ Kd7 29. Qc6+ Kd8 30. Qc8# 1-0